LEADER 00946nam a2200241 i 4500 001 000000138592 003 CaOOAMICUS 005 20061006000000.0 008 061006s1965 it u000 u ita u 013 $a112490 040 $aSeMil$bita 100 1 $aBevilacqua, Giulio .$0(OLS)http://semarc/name/18290 245 10$aOmelie per l'avvento /$cCard. Giulio Bevilacqua. 260 $aBrescia :$bQueriniana,$c1965. 300 $a95 p. ;$c19 cm. 490 0 $aMeditazione e predicazione ;$v31 650 4$aAvvento - Predicazione.$0(OLS)http://semarc/subject/7503 830 0$aMeditazione e predicazione ;$v31.$0(OLS)http://semarc/title/6138 850 $aSeMil 852 $aSeMil$W1$xVenegono$y1$m3F I 666$j92081$B92081$CSeMilBibl$Z2$F115899 $81 961 $aRecupero: Altro 996 $6245$aOmelie per l'avvento$9(OLS)http://semarc/title/202588 996 $6260$aBrescia :$bQueriniana$9(OLS)http://semarc/publisher/29615 LEADER 00839nam a2200181 i 4500 001 000000016320 003 CaOOAMICUS 005 20180830125443.0 008 180830s1935 sp u000 u und u 040 $aSeMil$bita 100 1 $aAugé, Ramir.$0(OLS)http://semarc/name/7534 245 10$aIsaïas /$cper dom Ramir Augé. 300 $a2 v. ;$c25 cm. 650 4$aBibbia. Antico Testamento. Isaia - Commentari, studi, critica, interpretazioni.$0(OLS)http://semarc/subject/111 773 0 $tBibbia$dMontserrat : Monestir de Montserrat, 1928-1954.$w()16315 774 0 $tCapitols 1.-39.$kBiblia : versió dels textos originals i comentari pels monjos de Montserrat$g1$w()152972 774 0 $tCapitols 40.-66.$kBiblia : versió dels textos originals i comentari pels monjos de Montserrat$g2$w()152973 996 $6245$aIsaïas$9(OLS)http://semarc/title/21595